BIBLIOTECA

SENCICO

Forjados y entramados de pisos / (Registro nro. 1700)

Detalles MARC
000 -LEADER
fixed length control field 01417nam a2200277Ia 4500
003 - CONTROL NUMBER IDENTIFIER
control field PE SENCICO BE
005 - DATE AND TIME OF LATEST TRANSACTION
control field 20260324172253.0
008 - FIXED-LENGTH DATA ELEMENTS--GENERAL INFORMATION
fixed length control field 200515s9999 xx 000 0 und d
020 ## - INTERNATIONAL STANDARD BOOK NUMBER
International Standard Book Number 84-329-2918-2
040 ## - CATALOGING SOURCE
Original cataloging agency PE SENCICO BE
Transcribing agency PE SENCICO BE
041 ## - LANGUAGE CODE
Language code of text/sound track or separate title spa
082 ## - DEWEY DECIMAL CLASSIFICATION NUMBER
Classification number 690.1
Item number U36 1979
100 1# - MAIN ENTRY--PERSONAL NAME
Personal name Ulsamer Puiggari, Federico
9 (RLIN) 218
Relator term autor
245 10 - TITLE STATEMENT
Title Forjados y entramados de pisos /
Statement of responsibility, etc. Federico Ulsamer Puiggari
250 ## - EDITION STATEMENT
Edition statement 16a ed.
260 ## - PUBLICATION, DISTRIBUTION, ETC.
Place of publication, distribution, etc. Barcelona :
Name of publisher, distributor, etc. ediciones CEAC ;
Date of publication, distribution, etc. 1979
300 ## - PHYSICAL DESCRIPTION
Extent 194 páginas :
Other physical details ilustraciones ;
Dimensions 22 cm.
490 ## - SERIES STATEMENT
Materials specified Monografías CEAC de construcción
505 0# - FORMATTED CONTENTS NOTE
Formatted contents note Elementos totalmente prefabricados a montar en obra sin encofrados -- Elementos de entramado a colocar adosados unos a otros para formar una losa compacta o aligerada -- Losas nervadas de nervios y losas prefabricadas separadamente -- Entramados independientes del forjado -- Elementos a prefabricar a pie de obra para montar sin encofrados -- Elementos fabricados en parte, a forjar en obra --Pisos a forjar totalmente en obra
520 3# - SUMMARY, ETC.
Summary, etc. Expone las características de cada forjado, además de señalar el método mas sencillo para el cálculo de sus elementos y describir los procedimientos constructivos de cada uno
650 10 - SUBJECT ADDED ENTRY--TOPICAL TERM
Topical term or geographic name entry element Pisos (Construcción)
9 (RLIN) 559
650 20 - SUBJECT ADDED ENTRY--TOPICAL TERM
Topical term or geographic name entry element Vigas
9 (RLIN) 327
650 20 - SUBJECT ADDED ENTRY--TOPICAL TERM
Topical term or geographic name entry element Forjados
9 (RLIN) 619
650 20 - SUBJECT ADDED ENTRY--TOPICAL TERM
Topical term or geographic name entry element Elementos estructurales
9 (RLIN) 620
942 ## - ADDED ENTRY ELEMENTS (KOHA)
Koha item type Libros
Source of classification or shelving scheme Dewey Decimal Classification
Existencias
Fecha de la última vez que lo usaron Número de ingreso o de inventario Pago total Signatura topográfica completa Código de barras Tipo de documento Estado perdido Sistema de clasificación Estado dañado No es para préstamo Retirado Ubicación permanente Ubicación actual Precio efectivo desde Fecha de adquisición
15/05/2020 1469   690.1/U36/1979 BibLima26032703 Libros   Dewey Decimal Classification       Biblioteca Central Lima Biblioteca Central Lima    
24/03/2026 1470   690.1/U36/1979/ej. 2 BibLima26032704 Libros   Dewey Decimal Classification       Biblioteca Central Lima Biblioteca Central Lima 24/03/2026 24/03/2026
24/03/2026     690.1/U36/1979 BibZpiur26032705 Libros   Dewey Decimal Classification       Biblioteca Piura Biblioteca Piura 24/03/2026 24/03/2026